000 00258nam a22000977a 4500
999 _c11741
_d11741
008 200113b ||||| |||| 00| 0 eng d
020 _a9780681415546
100 _aGibbs Bridget
_97429
245 _aMommy & Baby on the Farm
260 _aColombia
_bLongmeadow
_c1992